000 00351nam a2200133 4500
005 20260530115258.0
100 1 _aICSID
245 1 0 _aDesign for need / Social Contribution of Design
264 1 _bICSID by Pergamon Press
_c1982
300 _a233 páginas
336 _atexto
_2rdacontent
337 _asin medio
_2rdamedia
338 _avolumen
_2rdacarrier
999 _c12711
_d12711